000 01451cam a22001694a 4500
005 20250605164038.0
008 250528s ||||||||||||||||||||||||d
035 _a16896
040 _aGR-AtMCL
_bgre
_dGR-AtMCL
_eAACR2
245 1 _aΟίνου Τριλογία / Η Παραγωγική Διαδικασία - Η Αρμονία των Γεύσεων - Η Κάβα στο Σπίτι
300 _a41
520 _aΗ Παραγωγική Διαδικασία, Ατενίζοντας τον Μύθο, Οι Ζώνες Καλλιέργειας της Αμπέλου, Το Τρίπτυχο της Επιτυχίας, Μια Γνωριμία με το Σταφύλι, Περί Οινοποίησης ο Λόγος, Η Διαδικασία της Γλευκοποίησης, Προσοχή στο Διοξείδιο του Άνθρακα, Λίγο μετά τη Ζύμωση, Αρμονία των Γεύσεων, Βρώσις και Πόσις, Η Τέχνη του Σερβιρίσματος, Το Κρασί στο Εστιατόριο, Οι Γυναίκες και το Πικ-Νικ, Περι Γευστικής Αυτογνωσίας, Οι Δέκα Εντολές του Σερβιρίσματος, Η Κάβα στο Σπίτι, Το Κρασί Ζει και Πεθαίνει, Οι Δέκα Εντολές του Καβίστα.
700 1 _aΔημήτρης Χατζηνικολάου
_92988
942 _cBK
999 _c2346
_d2346